| 000 | nam a22 a 4500 | ||
|---|---|---|---|
| 999 |
_c3391 _d3391 |
||
| 003 | AKMAL | ||
| 005 | 20170522130959.0 | ||
| 008 | 170522s1983 xxu 00 eng d | ||
| 020 | _a0256029121 | ||
| 040 |
_aAKMAL _cAKMAL |
||
| 082 | 0 | 4 |
_a658.403'88 CAS _221 |
| 090 | 0 | 0 |
_a658.403'88 _bCAS |
| 100 | 1 |
_aMcFarlan, F. Warren _q(Franklin Warren) _96835 |
|
| 245 | 1 | 0 |
_aCorporate information systems management : _btext and cases / _cF. Warren McFarlan...[et al.] |
| 260 |
_aBoston : _bIrwin McGraw-Hill, _c1983 |
||
| 300 | 0 | 0 |
_axi, 551p. ; _c23cm |
| 650 | 0 |
_aInformation technology _xManagement _96829 |
|
| 650 | 0 |
_aManagement information systems _9729 |
|
| 650 | 0 |
_aInformation resources management _9871 |
|
| 650 | 0 |
_aInformation technology _xManagement _vCase studies _96854 |
|
| 700 | 1 |
_aMcKenney, James L. _96836 |
|
| 700 | 1 |
_aCash, James I. _96855 |
|
| 942 |
_2ddc _cBOOK |
||